000 00505nam a2200181Ia 4500
005 20250508160308.0
008 008 250505s9999 xx 000 0 eng d
037 _aTextual
040 _aFEDL
_beng
_cFEDL
041 _aeng
_2eng
084 _a420.7, FRE
_qFEDL
100 _aFrench F G
245 0 _aTeaching English as an international language
260 _aLondon, UK
_bOxford University Press
_c1966
300 _a112p
942 _cTEXL
_h420.7, FRE
999 _c1363445
_d1363445